000 00926nam a2200253 i 4500
001 66884
003 ES-MaACL
005 20231211202554.0
007 t|
008 020712r20011964sp ||||0| spa d
020 _a84-923918-4-7 t. 1
020 _a84-923918-7-1 t. 2
040 _aM-BN
_bspa
_cM-BN
080 _a72(460)(091)
100 1 _aChueca Goitia, Fernando,
_d1911-2004
_938688
245 1 0 _aHistoria de la arquitectura española /
_cFernando Chueca Goitia.
260 _aAvila :
_bFundación Cultural Santa Teresa,
_c2001.
300 _a2 v. :
_bil. ;
_c28 cm.
505 8 _aContiene: T. I. Edad Antigua y Edad Media, ed. facs. de la de 1964 (10, XXII, 734 p.) -- T. II. Edad Moderna y Contemporánea (831 p.)
650 4 _aArquitectura española-
_vHistoria.
_910020
710 2 _aFundación Cultural Santa Teresa.
_94266
852 _aES-MaACL
_jL-27388-9
_bR.132270
999 _c66884
_d66884